| 000 | 00564nam a2200229Ia 4500 | ||
|---|---|---|---|
| 003 | GCL | ||
| 008 | 140319s9999 xx 000 0 eng d | ||
| 040 |
_aGCL / _cGCL |
||
| 082 | 0 | 4 |
_aCC _b932.01 _bA E |
| 100 | 1 | _aAL-HUSAIN, ZAID A. | |
| 245 | 1 | 0 |
_aEXCAVATIONS AT HELIOPOLIS, ANCIENT EGYPTAIN / _cAL-HUSAIN, ZAID A. |
| 300 | _a207 P | ||
| 650 | 0 | 4 | _aTEXTILE |
| 650 | 0 | 4 | _aARTS |
| 650 | 0 | 4 | _aARCHITECTURE |
| 650 | 0 | 4 | _aCALLIGRAPHY |
| 650 | 0 | 4 | _aJEWELLERY |
| 650 | 0 | 4 | _aART, ISLAMIC |
| 650 | 0 | 4 | _aMETAL - WORKS |
| 650 | 0 | 4 | _aISLAM - ARTS |
| 942 |
_2ddc _cBK |
||
| 999 |
_c17432 _d17432 |
||